Lokokti-sāra saṅgraha : (Record no. 75841)

MARC details
000 -LEADER
fixed length control field 00824cam a22002171a 4500
001 - CONTROL NUMBER
control field sa 67006299
003 - CONTROL NUMBER IDENTIFIER
control field DLC
005 - DATE AND TIME OF LATEST TRANSACTION
control field 20260227112405.0
008 - FIXED-LENGTH DATA ELEMENTS--GENERAL INFORMATION
fixed length control field 900105s1966 ii 000 0 hino
010 ## - LIBRARY OF CONGRESS CONTROL NUMBER
LC control number sa 67006299
035 ## - SYSTEM CONTROL NUMBER
System control number (OCoLC)20851075
040 ## - CATALOGING SOURCE
Original cataloging agency DLC
Transcribing agency WaU
Modifying agency NRU
-- WU
-- DLC
042 ## - AUTHENTICATION CODE
Authentication code premarc
050 00 - LIBRARY OF CONGRESS CALL NUMBER
Classification number PN6519.I4
Item number S8
100 1# - MAIN ENTRY--PERSONAL NAME
Personal name Śukla, Śrīkr̥shna.
245 10 - TITLE STATEMENT
Title Lokokti-sāra saṅgraha :
Remainder of title jisame Hindī ke cune hue 500 muhāvaroṃ aura kahāvatoṃ kā uttama saṅgraha artha aura vākyoṃ meṃ prayoga sahita tathā Saṇskr̥ta kī 100 sundara sūktiyam̐ artha sahita saṅgrahīta haiṃ /
Statement of responsibility, etc. Lekhaka Śrīkr̥shṇa Śukla.
260 ## - PUBLICATION, DISTRIBUTION, ETC.
Place of publication, distribution, etc. Vārāṇasī :
Name of publisher, distributor, etc. Bāla-hitaishī Pustakamālā,
Date of publication, distribution, etc. [1966]
300 ## - PHYSICAL DESCRIPTION
Extent 2, 102 p. ;
Dimensions 18 cm.
500 ## - GENERAL NOTE
General note In Hindi.
650 #0 - SUBJECT ADDED ENTRY--TOPICAL TERM
Topical term or geographic name entry element Proverbs, Hindi.

No items available.

Powered by Koha